| 000 | 00706nam a2200181 a 4500 | ||
|---|---|---|---|
| 008 | 120416s2002 ||||||||||||||||| || u | ||
| 020 | _a0521809460 | ||
| 050 | _aQE 538.5 Ken | ||
| 100 | _aKennett, B. L. N | ||
| 245 | 1 | 4 | _aThe seismic wavefield volume II: interpretation of seismograms on regional and global scales |
| 260 |
_aCambridge _bCambridge University Press _c2002 |
||
| 300 | _axii, 534p. : ill. | ||
| 350 | _a0.00 | ||
| 650 | _aGEOLOGY--STUDY AND TEACHING | ||
| 650 | _aSeismic prospecting | ||
| 650 | _aSEISMOGRAMS | ||
| 995 |
_D0.00 _FCBU-MAIN LIBRARY (Kitwe) _H1 _I40.00 _M1 _UAVAILABLE _WMar 21, 2007 _ZMain Library Open Access Collection |
||
| 999 |
_c57246 _d57246 |
||